000 00547nam a2200241Ia 4500
003 OSt
005 20220912145607.0
006 a|||||r|||| 00| 0
007 ta
008 220909b |||||||| |||| 00| 0 eng d
024 _a70647
037 _cTextual
040 _aCSL
_beng
_cCSL
041 _aeng
082 _aG, K63.1
100 _aLongmans
245 0 _aIntroducing living things
260 _c1963
300 _ap.
_ccm.
650 _aBiology
942 _hG, K63.1
_cTEXL
_2CC
999 _c34500
_d34500